Hustle : the myth, life, and lies of Pete rose (Record no. 209720)

MARC details
000 -LEADER
fixed length control field 00762nam a2200241Ia 4500
008 - FIXED-LENGTH DATA ELEMENTS--GENERAL INFORMATION
fixed length control field 191130s2005##################000#0#eng##
020 ## - INTERNATIONAL STANDARD BOOK NUMBER
ISBN 9780743284448
082 ## - DEWEY DECIMAL CLASSIFICATION NUMBER
Classification number 796.357092 SOK
100 ## - MAIN ENTRY--AUTHOR NAME
Personal name Sokolove, Michael Y
245 ## - TITLE STATEMENT
Title Hustle : the myth, life, and lies of Pete rose
Statement of responsibility, etc Michael Sokolove
250 ## - EDITION STATEMENT
Edition statement 1st Simon & Schuster trade pbk. ed
260 ## - PUBLICATION, DISTRIBUTION, ETC. (IMPRINT)
Place of publication New York
Name of publisher Simon & Schuster Paperbacks
Year of publication c2005
300 ## - PHYSICAL DESCRIPTION
Number of Pages 304 p. ; 22 cm
500 ## - GENERAL NOTE
General note Includes index
650 ## - SUBJECT ADDED ENTRY--TOPICAL TERM
Topical Term Baseball players - United States - Biography
Topical Term Cincinnati Reds (Baseball team) - History
Topical Term Rose, Pete, 1941-
991 ## -
-- 318406
Holdings
Withdrawn status Lost status Damaged status Not for loan Home library Current library Shelving location Date acquired Full call number Accession Number Price effective from Koha item type
        Anna Centenary Library Anna Centenary Library 6TH FLOOR, B WING 13.10.2020 796.357092 SOK 466172 13.10.2020 English Books

Find us on the map